000
00312nam a22001337a 4500
008
170703b xxu||||| |||| 00| 0 eng d
020
_a
9780226104034
041
_a
eng
080
_2
15 ED
_a
82
100
_a
22
101
_a
GJL
245
_a
THE CHICACGO MANUAL OF STYLE
_c
DUFFY.P.B
942
_2
udc
_c
BK
999
_c
19844
_d
19844